00351nam a2200109Ia 4500008004100000082000800041100002200049245005200071942000600123952009700129999001500226240331s9999 xx 000 0 und d bWIC aWickramasinghe, N 0aEthnic politics in colonial Sri Lanka 1927-1947 cL 001040708LaWERCLbWERCLcSSCd2024-03-31l0o 320.9 WICp5078r2024-03-31w2024-03-31yL c2331d2331